000 00626nam a2200241 a 4500
001 14029
003 BD-JhCC
005 20240524085653.0
008 240524b2004 n |||| ||a| 000 0 eng d
020 _a9960899861
035 _a(BD-JhCC)14029
040 _aBD-JhCC
_dBD-JhCC
041 _aenglish
082 _a297.63
_bSHA 2004
100 _a Shanawi ,Abdul Aziz As
245 _aThe Ministers Around the Prophet /
_bAbdul Aziz As Shanawi .
260 _aNew York:
_bDarussalam;
_c2004.
300 _a183 p. :
_c22 cm.
600 _aMuhammad,Prophet
650 _aMuslim
_zClergy
942 _2ddc
_cBK
999 _c14029
_d14029